000 00625nam a22002177a 4500
001 88705
003 UA-OsUOA
005 20211108224654.0
007 ta
008 20121012b un ||||| |||| 00| 0 ukr d
040 _aUA-OsUOA
_brus
_cUA-OsUOA
_dUA-OsUOA
041 _arus
080 _a94(47+57)
090 _a94(47+57)
_bП26
245 _aПервое советское правительство: октябрь 1917 - июль 1918
_cнауч. ред. Ненароков А.
260 _aМ.
_bПолитиздат
_c1991
300 _a461 с.
650 7 _a94 Історія
_2UDC
942 _cBK
_2udc
955 _a1
999 _c374979
_d374979